[Event "28th CRO-chT Women 2019"]
[Site "Mali Losinj"]
[Date "2019.10.02"]
[Round "6.1"]
[White "Ivekovic, Ana"]
[Black "Repkova, Eva"]
[Result "1/2-1/2"]
[WhiteElo "2056"]
[BlackElo "2315"]
[Annotator "TA"]
[PlyCount "72"]
[EventDate "2019.09.28"]
[EventType "team-tourn"]
[EventCountry "CRO"]
[SourceTitle "playchess.com"]
[Source "ChessBase"]
[SourceQuality "1"]

{[%evp 20,72,27,10,10,-29,-29,-26,-27,-46,-43,-40,-48,-51,-51,-108,-106,-281,-257,-266,-115,-122,-108,-111,-72,-85,-10,-15,0,0,0,-17,0,-8,0,0,19,12,6,16,56,52,43,52,45,41,57,8,124,126,115,112,141,125,144]} 1. d4 d5 2. c4 e6 3. Nf3 Nf6 4. Nc3 Be7 5. cxd5 exd5 6. Bg5 O-O 7. e3 c6 8. Bd3 Ne4 9. Bxe7 Qxe7 10. Qc2 f5 11. Ne5 Nd7 {D36: Queen's Gambit Declined: Exchange Variation: Main line (5 Bg5 c6 6 Qc2)} 12. Nxd7 Bxd7 13. O-O Rf6 {Black has an edge.} 14. Rfe1 Rh6 15. g3 Rf8 $146 ({Predecessor:} 15... Ng5 16. Kg2 Qe6 17. h4 f4 18. Rh1 Qg4 19. Qd1 {½-½ (36) Hytonen,H-Haapasalo,J (2185) Helsinki 1998}) 16. f3 Ng5 17. Qg2 (17. Qe2 $15) 17... Re6 $1 $17 {[%cal Re6e3]} 18. Nd1 $2 {[#]} (18. Kf2 $17) 18... f4 $1 $19 {[%cal Rf4g3][%mdl 512] White must now prevent ...fxg3.} 19. h4 (19. exf4 Rxe1+) 19... Nf7 (19... fxg3 $1 $19 {is more deadly.} 20. hxg5 Qxg5) 20. gxf4 $17 Nd6 {Hoping for ...Rxf4!} 21. Qg5 Qe8 22. Kf2 h6 ({Black should try} 22... Re7 $17) 23. Qg3 $11 Nf5 (23... Qf7 {with more complications.} 24. Nc3 Rf6 25. Qh2 Bf5 26. Rad1 Re6) 24. Bxf5 Rxf5 25. Nc3 Qf8 26. Rg1 $40 {[%mdl 128] White is up to no good.} Qf6 27. Rg2 Rh5 28. Rag1 {[%cal Rg3g7]} Re7 29. Rh2 c5 30. Qg6 Qxg6 31. Rxg6 cxd4 32. exd4 Rf5 33. Rhg2 {aiming for Rxh6.} Bc6 {[#]} (33... Ref7 $11) 34. Rxh6 $1 $16 Rxf4 {[#]} 35. Ne2 $1 {[%cal Re2f4]} Rf8 36. Rhg6 Kh7 {Accuracy: White = 47%, Black = 37%.} 1/2-1/2

[Event "28th CRO-chT Women 2019"]
[Site "Mali Losinj"]
[Date "2019.10.02"]
[Round "6.2"]
[White "Medic, Mirjana"]
[Black "Ivekovic, Zvjezdana"]
[Result "1-0"]
[WhiteElo "2163"]
[BlackElo "1781"]
[Annotator "NA"]
[PlyCount "75"]
[EventDate "2019.09.28"]
[EventType "team-tourn"]
[EventCountry "CRO"]
[SourceTitle "playchess.com"]
[Source "ChessBase"]
[SourceQuality "1"]
[TimeControl "40/5400+30:1800+30"]

1. d4 {[%emt 0:00:30]} d5 {[%emt 0:00:30]} 2. Nf3 {[%emt 0:00:00]} c6 {[%emt 0:00:00]} 3. c4 {[%emt 0:00:00]} Nf6 {[%emt 0:00:00]} 4. Nc3 {[%emt 0:00:30]} e6 {[%emt 0:00:30]} 5. e3 {[%emt 0:00:30]} Nbd7 {[%emt 0:01:30]} 6. Qc2 {[%emt 0:00:30]} Bd6 {[%emt 0:02:30]} 7. Bd3 {[%emt 0:01:30]} O-O {[%emt 0:06:30]} 8. O-O {[%emt 0:00:30]} dxc4 {[%emt 0:01:30]} 9. Bxc4 {[%emt 0:00:00]} b5 {[%emt 0:01:30]} 10. Be2 {[%emt 0:00:00]} Bb7 {[%emt 0:02:30]} 11. Rd1 {[%emt 0:00:30]} Qe7 {[%emt 0:01:30]} 12. a3 {[%emt 0:12:30]} Rfc8 {[%emt 0:08:30]} 13. e4 {[%emt 0:01:30]} e5 {[%emt 0:01:30]} 14. g3 {[%emt 0:11:30]} exd4 {[%emt 0:20:30]} 15. Nxd4 {[%emt 0:00:30]} Be5 {[%emt 0:00:00]} 16. Nf5 {[%emt 0:11:30]} Qe6 {[%emt 0:01:00]} 17. Bf3 {[%emt 0:00:00]} Nb6 {[%emt 0:10:30]} 18. Be3 {[%emt 0:05:00]} Rd8 {[%emt 0:07:30]} 19. Nd4 {[%emt 0:05:30]} Qe8 {[%emt 0:05:30]} 20. Nb3 {[%emt 0:00:30]} Nc4 {[%emt 0:00:30]} 21. Rxd8 {[%emt 0:02:30]} Qxd8 {[%emt 0:03:30]} 22. Rd1 {[%emt 0:00:30]} Qc7 {[%emt 0:00:30]} 23. Bd4 {[%emt 0:02:30]} a5 {[%emt 0:02:30]} 24. Bxe5 {[%emt 0:11:30]} Nxe5 {[%emt 0:00:30]} 25. Bg2 {[%emt 0:00:30]} Qb6 {[%emt 0:00:30]} 26. Qe2 {[%emt 0:00:30]} Ba6 {[%emt 0:02:55]} 27. Qc2 {[%emt 0:01:30]} a4 {[%emt 0:05:03]} 28. Nd4 {[%emt 0:03:30]} Nc4 {[%emt 0:02:33]} 29. Nxc6 {[%emt 0:01:30]} Re8 {[%emt 0:03:01]} 30. Nb4 {[%emt 0:00:30]} Bb7 {[%emt 0:02:33]} 31. h3 {[%emt 0:06:30]} Bc8 {[%emt 0:06:32]} 32. Nxa4 {[%emt 0:01:30]} bxa4 {[%emt 0:01:13]} 33. Qxc4 {[%emt 0:00:00]} Be6 {[%emt 0:00:14]} 34. Qc3 {[%emt 0:03:05]} Bb3 {[%emt 0:00:22]} 35. Rd4 {[%emt 0:01:18]} Qb8 {[%emt 0:01:01]} 36. Nc6 {[%emt 0:02:00]} Qb7 {[%emt 0:00:27]} 37. e5 {[%emt 0:00:07]} Qb5 {[%emt 0:00:33]} 38. exf6 {[%emt 0:00:30]} 1-0

[Event "28th CRO-chT Women 2019"]
[Site "Mali Losinj"]
[Date "2019.10.02"]
[Round "6.3"]
[White "Turk, Vesna"]
[Black "Roklicer, Heike"]
[Result "0-1"]
[WhiteElo "1694"]
[BlackElo "2032"]
[Annotator "NA"]
[PlyCount "120"]
[EventDate "2019.09.28"]
[EventType "team-tourn"]
[EventCountry "CRO"]
[SourceTitle "playchess.com"]
[Source "ChessBase"]
[SourceQuality "1"]
[TimeControl "40/5400+30:1800+30"]

1. d4 {[%emt 0:00:30]} d5 {[%emt 0:02:30]} 2. Nf3 {[%emt 0:00:00]} c6 {[%emt 0:00:30]} 3. c3 {[%emt 0:02:00]} Nf6 {[%emt 0:00:30]} 4. Bg5 {[%emt 0:00:00]} g6 {[%emt 0:00:30]} 5. e3 {[%emt 0:02:00]} Bg7 {[%emt 0:00:00]} 6. Be2 {[%emt 0:00:30]} Bf5 {[%emt 0:02:00]} 7. Nbd2 {[%emt 0:02:30]} Nbd7 {[%emt 0:00:30]} 8. O-O {[%emt 0:00:30]} O-O {[%emt 0:00:30]} 9. Nh4 {[%emt 0:01:30]} Be6 {[%emt 0:07:30]} 10. Nhf3 {[%emt 0:03:30]} Ne4 {[%emt 0:09:30]} 11. Nxe4 {[%emt 0:02:30]} dxe4 {[%emt 0:00:00]} 12. Nd2 {[%emt 0:00:00]} f5 {[%emt 0:03:00]} 13. h3 {[%emt 0:02:00]} c5 {[%emt 0:18:30]} 14. Bc4 {[%emt 0:01:30]} Bxc4 {[%emt 0:00:30]} 15. Nxc4 {[%emt 0:00:00]} h6 {[%emt 0:09:30]} 16. Bf4 {[%emt 0:00:00]} cxd4 {[%emt 0:03:30]} 17. cxd4 {[%emt 0:00:30]} b5 {[%emt 0:11:30]} 18. Nd2 {[%emt 0:01:30]} Nf6 {[%emt 0:05:30]} 19. Rc1 {[%emt 0:03:30]} Nd5 {[%emt 0:02:30]} 20. Qb3 {[%emt 0:01:30]} Kh7 {[%emt 0:00:30]} 21. Bh2 {[%emt 0:01:30]} a6 {[%emt 0:01:53]} 22. Rc5 {[%emt 0:01:30]} e6 {[%emt 0:01:18]} 23. Rfc1 {[%emt 0:00:30]} Qd7 {[%emt 0:05:47]} 24. Qa3 {[%emt 0:02:30]} Rfc8 {[%emt 0:08:36]} 25. Rxc8 {[%emt 0:08:30]} Rxc8 {[%emt 0:00:01]} 26. Rxc8 {[%emt 0:00:30]} Qxc8 {[%emt 0:00:03]} 27. Qc5 {[%emt 0:00:30]} Qxc5 {[%emt 0:04:34]} 28. dxc5 {[%emt 0:00:00]} Bxb2 {[%emt 0:01:16]} 29. c6 {[%emt 0:00:00]} e5 {[%emt 0:00:30]} 30. Nb3 {[%emt 0:01:30]} Kg8 {[%emt 0:00:38]} 31. Nc5 {[%emt 0:00:30]} Nc7 {[%emt 0:00:31]} 32. Nd7 {[%emt 0:00:30]} Kf7 {[%emt 0:00:58]} 33. Nxe5+ {[%emt 0:02:30]} Bxe5 {[%emt 0:00:19]} 34. Bxe5 {[%emt 0:00:00]} Nd5 {[%emt 0:00:44]} 35. c7 {[%emt 0:00:00]} Nb6 {[%emt 0:00:18]} 36. Bc3 {[%emt 0:04:30]} Ke6 {[%emt 0:00:28]} 37. Ba5 {[%emt 0:00:00]} Nc8 {[%emt 0:00:02]} 38. Kf1 {[%emt 0:00:00]} Kd7 {[%emt 0:00:09]} 39. Ke2 {[%emt 0:00:30]} Nd6 {[%emt 0:00:31]} 40. Kd1 {[%emt 0:00:00]} Nc4 {[%emt 0:00:00]} 41. Bc3 {[%emt 0:03:00]} Kxc7 {[%emt 0:01:54]} 42. Kc2 {[%emt 0:00:30]} Kc6 {[%emt 0:01:30]} 43. Kb3 {[%emt 0:00:30]} Nb6 {[%emt 0:01:30]} 44. Ba5 {[%emt 0:01:30]} Nd5 {[%emt 0:01:30]} 45. a3 {[%emt 0:01:30]} h5 {[%emt 0:08:30]} 46. g3 {[%emt 0:01:30]} Ne7 {[%emt 0:00:30]} 47. Bd8 {[%emt 0:00:30]} Nd5 {[%emt 0:00:30]} 48. Ba5 {[%emt 0:00:30]} Nb6 {[%emt 0:00:30]} 49. Bb4 {[%emt 0:00:30]} Nd7 {[%emt 0:00:30]} 50. Kc3 {[%emt 0:12:30]} Kd5 {[%emt 0:00:30]} 51. Ba5 {[%emt 0:01:30]} Ne5 {[%emt 0:00:30]} 52. Bc7 {[%emt 0:01:30]} Nd3 {[%emt 0:04:45]} 53. f3 {[%emt 0:01:30]} Nf2 {[%emt 0:00:11]} 54. fxe4+ {[%emt 0:00:30]} Kxe4 {[%emt 0:04:24]} 55. h4 {[%emt 0:04:30]} Nd1+ {[%emt 0:02:45]} 56. Kb4 {[%emt 0:00:30]} Nxe3 {[%emt 0:00:09]} 57. Bf4 {[%emt 0:07:30]} Nd5+ {[%emt 0:02:24]} 58. Ka5 {[%emt 0:00:30]} Nxf4 {[%emt 0:00:10]} 59. gxf4 {[%emt 0:00:30]} Kxf4 {[%emt 0:00:01]} 60. Kxa6 {[%emt 0:00:30]} Ke5 {[%emt 0:00:37]} 0-1

[Event "28th CRO-chT Women 2019"]
[Site "Mali Losinj"]
[Date "2019.10.02"]
[Round "6.4"]
[White "Dejanovic, Tereza"]
[Black "Mikic Muha, Mirela"]
[Result "1-0"]
[WhiteElo "1811"]
[BlackElo "1621"]
[Annotator "NA"]
[PlyCount "55"]
[EventDate "2019.09.28"]
[EventType "team-tourn"]
[EventCountry "CRO"]
[SourceTitle "playchess.com"]
[Source "ChessBase"]
[SourceQuality "1"]
[TimeControl "40/5400+30:1800+30"]

1. e4 {[%emt 0:00:30]} e5 {[%emt 0:00:30]} 2. Nf3 {[%emt 0:00:00]} Nc6 {[%emt 0:00:30]} 3. Bb5 {[%emt 0:00:00]} d6 {[%emt 0:00:30]} 4. c3 {[%emt 0:00:30]} Bd7 {[%emt 0:03:30]} 5. Ba4 {[%emt 0:02:30]} Nf6 {[%emt 0:02:30]} 6. Bc2 {[%emt 0:01:30]} Be7 {[%emt 0:03:30]} 7. O-O {[%emt 0:00:30]} Qc8 {[%emt 0:04:30]} 8. d3 {[%emt 0:05:30]} Bg4 {[%emt 0:07:30]} 9. Nbd2 {[%emt 0:02:30]} Qd7 {[%emt 0:13:30]} 10. Ba4 {[%emt 0:06:30]} a6 {[%emt 0:00:30]} 11. Re1 {[%emt 0:00:30]} b5 {[%emt 0:01:30]} 12. Bc2 {[%emt 0:00:30]} h6 {[%emt 0:02:30]} 13. Nf1 {[%emt 0:02:30]} Nh7 {[%emt 0:02:30]} 14. h3 {[%emt 0:01:30]} Bh5 {[%emt 0:04:30]} 15. Ng3 {[%emt 0:00:30]} Bxf3 {[%emt 0:01:30]} 16. Qxf3 {[%emt 0:00:30]} Ng5 {[%emt 0:16:30]} 17. Qd1 {[%emt 0:03:30]} O-O {[%emt 0:06:30]} 18. d4 {[%emt 0:11:30]} exd4 {[%emt 0:10:07]} 19. cxd4 {[%emt 0:00:30]} Nh7 {[%emt 0:05:19]} 20. Nf5 {[%emt 0:03:30]} Rfe8 {[%emt 0:02:58]} 21. Bxh6 {[%emt 0:03:30]} g6 {[%emt 0:03:15]} 22. Nxe7+ {[%emt 0:02:30]} Rxe7 {[%emt 0:00:14]} 23. d5 {[%emt 0:06:30]} Nb4 {[%emt 0:02:28]} 24. Qd4 {[%emt 0:00:30]} f6 {[%emt 0:01:11]} 25. Qxb4 {[%emt 0:00:00]} c5 {[%emt 0:00:51]} 26. dxc6 {[%emt 0:00:00]} Qxc6 {[%emt 0:00:10]} 27. Bb3+ {[%emt 0:00:30]} Kh8 {[%emt 0:00:07]} 28. Bd5 {[%emt 0:00:30]} 1-0

[Event "28th CRO-chT Women 2019"]
[Site "Mali Losinj"]
[Date "2019.10.02"]
[Round "6.5"]
[White "Cvitan, Ena"]
[Black "Salimova, Nurgyul"]
[Result "1-0"]
[WhiteElo "2182"]
[BlackElo "2415"]
[Annotator "TA"]
[PlyCount "83"]
[EventDate "2019.09.28"]
[EventType "team-tourn"]
[EventCountry "CRO"]
[SourceTitle "playchess.com"]
[Source "ChessBase"]
[SourceQuality "1"]

{[%evp 20,83,63,60,72,64,72,76,74,76,84,76,73,75,99,38,57,20,35,18,16,15,12,16,40,4,80,71,78,75,96,78,78,78,78,78,78,85,226,228,231,229,326,323,424,433,432,409,403,457,436,453,467,418,685,679,1304,1277,29977,29978,29978,29979,29978,29979,29990,29991]} 1. d4 c5 2. d5 Nf6 3. Nc3 g6 4. e4 d6 5. Nf3 Bg7 6. Bb5+ Bd7 7. a4 O-O 8. O-O Bg4 9. h3 Bxf3 10. Qxf3 a6 11. Bc4 Nbd7 {A43: Schmid Benoni} 12. Qd1 (12. Bf4 Nh5 13. Bd2 f5 {½-½ (13) Jankovic,A (2559)-Milanovic,D (2476) Bad Gleichenberg 2013}) 12... b5 $146 ({Predecessor:} 12... Ne8 13. f4 Rb8 14. Qe2 Nc7 15. a5 b5 16. axb6 Rxb6 {0-1 (51) Hamblok,R (2261)-Dardha,D (2420) Roux 2019}) 13. axb5 Nb6 {White is better.} 14. Be2 axb5 15. Rxa8 Qxa8 16. Bxb5 Qa5 17. Bd3 (17. Bc6 $16) 17... Rb8 18. Re1 Nfd7 19. Bf1 Bxc3 20. bxc3 Qxc3 21. Re3 Qg7 22. c4 Ne5 (22... Ra8 $11 {keeps the balance.}) 23. Rb3 $16 Qf8 24. Qc2 f6 25. Be2 Nbd7 26. f4 Nf7 27. Bg4 Rxb3 28. Qxb3 Qb8 {[#]} (28... Qd8 $16) 29. Qb5 $1 $18 Qxb5 30. cxb5 {[%mdl 4096] Endgame KBB-KNN} f5 (30... Nb6 $142 31. Bd2 g5) 31. exf5 Nb6 32. fxg6 hxg6 33. Bd2 Nc4 34. Bc3 Kf8 35. Bd7 Nd8 36. g4 Nb6 (36... Kf7 $142 37. Kf2 e6) 37. Bc6 c4 38. Ba5 Nxc6 39. dxc6 {White mates.} Nc8 40. b6 Nxb6 41. Bxb6 c3 42. c7 {Accuracy: White = 66%, Black = 35%.} 1-0

[Event "28th CRO-chT Women 2019"]
[Site "Mali Losinj"]
[Date "2019.10.02"]
[Round "6.6"]
[White "Saric, Kristina"]
[Black "Djukic, Sandra"]
[Result "0-1"]
[WhiteElo "2222"]
[BlackElo "2179"]
[Annotator "NA"]
[PlyCount "102"]
[EventDate "2019.09.28"]
[EventType "team-tourn"]
[EventCountry "CRO"]
[SourceTitle "playchess.com"]
[Source "ChessBase"]
[SourceQuality "1"]
[TimeControl "40/5400+30:1800+30"]

1. e4 {[%emt 0:00:30]} c6 {[%emt 0:05:30]} 2. d4 {[%emt 0:00:30]} d5 {[%emt 0:00:00]} 3. Nc3 {[%emt 0:00:30]} dxe4 {[%emt 0:00:00]} 4. Nxe4 {[%emt 0:00:00]} Nf6 {[%emt 0:00:30]} 5. Nxf6+ {[%emt 0:01:00]} exf6 {[%emt 0:00:00]} 6. Nf3 {[%emt 0:02:30]} Bd6 {[%emt 0:00:00]} 7. Be2 {[%emt 0:01:30]} O-O {[%emt 0:00:30]} 8. O-O {[%emt 0:00:00]} Re8 {[%emt 0:01:30]} 9. c4 {[%emt 0:01:00]} Nd7 {[%emt 0:00:30]} 10. Be3 {[%emt 0:07:30]} Nf8 {[%emt 0:03:30]} 11. Qd2 {[%emt 0:04:30]} Ng6 {[%emt 0:19:30]} 12. Rad1 {[%emt 0:06:30]} Qc7 {[%emt 0:22:30]} 13. Rfe1 {[%emt 0:05:30]} Bf5 {[%emt 0:08:30]} 14. c5 {[%emt 0:23:30]} Bf4 {[%emt 0:11:30]} 15. Bd3 {[%emt 0:03:30]} Bxd3 {[%emt 0:10:31]} 16. Qxd3 {[%emt 0:00:30]} Rad8 {[%emt 0:03:56]} 17. g3 {[%emt 0:03:30]} Bxe3 {[%emt 0:00:31]} 18. Rxe3 {[%emt 0:00:00]} Qd7 {[%emt 0:07:23]} 19. Rde1 {[%emt 0:04:00]} Rxe3 {[%emt 0:00:45]} 20. Qxe3 {[%emt 0:00:30]} Nf8 {[%emt 0:00:10]} 21. Qa3 {[%emt 0:08:30]} a6 {[%emt 0:01:33]} 22. Qb4 {[%emt 0:01:30]} Ne6 {[%emt 0:00:06]} 23. Re3 {[%emt 0:00:30]} Qc7 {[%emt 0:01:48]} 24. Rb3 {[%emt 0:01:30]} Rd7 {[%emt 0:00:03]} 25. Qc4 {[%emt 0:03:30]} Qd8 {[%emt 0:00:42]} 26. Rb4 {[%emt 0:00:30]} h6 {[%emt 0:00:46]} 27. Qb3 {[%emt 0:01:39]} Qe7 {[%emt 0:00:21]} 28. Qe3 {[%emt 0:00:55]} Qd8 {[%emt 0:00:43]} 29. Qb3 {[%emt 0:00:17]} Qe7 {[%emt 0:00:07]} 30. Qe3 {[%emt 0:00:14]} Kf8 {[%emt 0:00:59]} 31. Nh4 {[%emt 0:01:35]} Rd5 {[%emt 0:00:28]} 32. g4 {[%emt 0:01:58]} Rg5 {[%emt 0:00:29]} 33. h3 {[%emt 0:00:46]} Qd7 {[%emt 0:00:29]} 34. Nf5 {[%emt 0:06:26]} h5 {[%emt 0:00:29]} 35. Qg3 {[%emt 0:00:50]} hxg4 {[%emt 0:00:16]} 36. hxg4 {[%emt 0:00:49]} g6 {[%emt 0:00:31]} 37. Nd6 {[%emt 0:04:15]} Nd8 {[%emt 0:00:26]} 38. f3 {[%emt 0:00:32]} Rd5 {[%emt 0:00:52]} 39. Qf4 {[%emt 0:02:07]} Kg7 {[%emt 0:00:13]} 40. Qe3 {[%emt 0:00:00]} Qe6 {[%emt 0:00:00]} 41. Kf2 {[%emt 0:12:07]} Rxd6 {[%emt 0:15:07]} 42. cxd6 {[%emt 0:00:30]} Qxd6 {[%emt 0:00:00]} 43. Rb3 {[%emt 0:01:30]} g5 {[%emt 0:05:31]} 44. f4 {[%emt 0:05:54]} gxf4 {[%emt 0:01:06]} 45. Qe4 {[%emt 0:00:33]} Ne6 {[%emt 0:01:52]} 46. Rd3 {[%emt 0:08:21]} Ng5 {[%emt 0:01:44]} 47. Qf5 {[%emt 0:00:59]} f3 {[%emt 0:00:21]} 48. Ke3 {[%emt 0:01:10]} Qh2 {[%emt 0:02:33]} 49. Rd2 {[%emt 0:00:45]} Qg1+ {[%emt 0:00:05]} 50. Kd3 {[%emt 0:00:31]} Qb1+ {[%emt 0:00:21]} 51. Kc4 {[%emt 0:02:09]} Ne4 {[%emt 0:01:31]} 0-1

[Event "28th CRO-chT Women 2019"]
[Site "Mali Losinj"]
[Date "2019.10.02"]
[Round "6.7"]
[White "Berke, Ana"]
[Black "Ivekovic, Tihana"]
[Result "1-0"]
[WhiteElo "2060"]
[BlackElo "2136"]
[Annotator "NA"]
[PlyCount "85"]
[EventDate "2019.09.28"]
[EventType "team-tourn"]
[EventCountry "CRO"]
[SourceTitle "playchess.com"]
[Source "ChessBase"]
[SourceQuality "1"]
[TimeControl "40/5400+30:1800+30"]

1. e4 {[%emt 0:04:30]} e6 {[%emt 0:00:30]} 2. d4 {[%emt 0:01:30]} d5 {[%emt 0:00:00]} 3. Nd2 {[%emt 0:00:30]} c5 {[%emt 0:00:00]} 4. Ngf3 {[%emt 0:00:00]} cxd4 {[%emt 0:00:30]} 5. Nxd4 {[%emt 0:00:00]} Nc6 {[%emt 0:00:30]} 6. Nxc6 {[%emt 0:06:30]} bxc6 {[%emt 0:00:00]} 7. Bd3 {[%emt 0:00:30]} Qc7 {[%emt 0:11:00]} 8. Qe2 {[%emt 0:03:30]} Nf6 {[%emt 0:17:30]} 9. O-O {[%emt 0:02:30]} dxe4 {[%emt 0:01:30]} 10. Nxe4 {[%emt 0:01:30]} Nxe4 {[%emt 0:03:30]} 11. Bxe4 {[%emt 0:08:30]} Bd6 {[%emt 0:03:30]} 12. h3 {[%emt 0:11:30]} O-O {[%emt 0:02:30]} 13. Rd1 {[%emt 0:01:30]} f5 {[%emt 0:22:30]} 14. Bf3 {[%emt 0:02:30]} Rb8 {[%emt 0:10:30]} 15. b3 {[%emt 0:02:30]} Be5 {[%emt 0:06:33]} 16. Rb1 {[%emt 0:00:30]} c5 {[%emt 0:07:02]} 17. Ba3 {[%emt 0:03:30]} Re8 {[%emt 0:00:06]} 18. Qc4 {[%emt 0:01:30]} Bd6 {[%emt 0:00:13]} 19. Rd2 {[%emt 0:12:30]} Rb6 {[%emt 0:00:34]} 20. Rbd1 {[%emt 0:07:30]} Ba6 {[%emt 0:00:39]} 21. Qc3 {[%emt 0:00:30]} e5 {[%emt 0:02:21]} 22. Bd5+ {[%emt 0:01:30]} Kh8 {[%emt 0:00:05]} 23. Bc4 {[%emt 0:03:30]} Bb7 {[%emt 0:01:03]} 24. Bb2 {[%emt 0:00:30]} Bf8 {[%emt 0:01:27]} 25. a4 {[%emt 0:01:30]} Rg6 {[%emt 0:01:03]} 26. Bd5 {[%emt 0:01:30]} Bc8 {[%emt 0:03:45]} 27. Bf3 {[%emt 0:01:30]} Rd6 {[%emt 0:01:56]} 28. Rxd6 {[%emt 0:04:11]} Bxd6 {[%emt 0:00:09]} 29. Qd2 {[%emt 0:01:18]} Bf8 {[%emt 0:01:15]} 30. Be2 {[%emt 0:02:07]} a6 {[%emt 0:01:26]} 31. Bc4 {[%emt 0:00:48]} f4 {[%emt 0:00:46]} 32. f3 {[%emt 0:02:41]} Be7 {[%emt 0:00:23]} 33. Qe2 {[%emt 0:00:33]} Bf6 {[%emt 0:01:05]} 34. Bxa6 {[%emt 0:01:01]} Bf5 {[%emt 0:00:28]} 35. Bd3 {[%emt 0:01:52]} Bxd3 {[%emt 0:00:33]} 36. Rxd3 {[%emt 0:01:44]} c4 {[%emt 0:00:30]} 37. bxc4 {[%emt 0:02:35]} Qxc4 {[%emt 0:00:36]} 38. Rd8 {[%emt 0:03:30]} Qc5+ {[%emt 0:00:12]} 39. Bd4 {[%emt 0:00:23]} Qe7 {[%emt 0:00:07]} 40. Rxe8+ {[%emt 0:00:00]} Qxe8 {[%emt 0:00:00]} 41. a5 {[%emt 0:03:17]} Qa4 {[%emt 0:04:13]} 42. Bb6 {[%emt 0:00:30]} h6 {[%emt 0:00:30]} 43. a6 {[%emt 0:03:30]} 1-0